| 000 | 01099cab a2200313 4500 | ||
|---|---|---|---|
| 001 | ABS59896 | ||
| 008 | 090401t1999 xxu||||| |||| 00| 0 eng d | ||
| 035 | _a(Sirsi) u90863 | ||
| 041 | _aeng | ||
| 100 | _h | ||
| 245 | _aTender price forecast | ||
| 260 | _c1999 | ||
| 350 | _a0 | ||
| 490 |
_aBuilding _v263(8071) 22 January 1999, 68-70(3) |
||
| 520 | _aAn analysis of current trends in construction output, tender prices and building costs with forecasts until 2000. Includes indices for tender prices, building costs, mechanical costs and electrical costs for the period 1994-2000, as well as a breakdown of regional tender price rises. Graph. | ||
| 650 | _aBUILDING COST INDEX | ||
| 650 | _aBUILT ENVIRONMENT-BUILDING COSTS | ||
| 650 | _aCOMMERCIAL OUTPUT | ||
| 650 | _aDAVIS LANGDON & EVEREST | ||
| 650 | _aELECTRICAL COST INDEX | ||
| 650 | _aFORECASTS | ||
| 650 | _aMECHANICAL COST INDEX | ||
| 650 | _aBCIS ALL-IN TENDER PRICE INDEX | ||
| 650 | _aTENDER PRICES | ||
| 650 | _aTRENDS | ||
| 690 | _aBUILT ENVIRONMENT-BUILDING COSTS | ||
| 942 | _n0 | ||
| 948 | _c22/01/1999 | ||
| 999 |
_c57640 _d57640 |
||